000 00661nam a22002417a 4500
005 20170124110028.0
010 _aB-059559
020 _c00.00
035 _aB-059559
037 _bCen Lib/Ret
040 _aDPL
_bEN
082 _a574.5
_bARO
100 _aArora, Mohan P.
_9106069
245 _aEcology /
_cby Mohan P. Arora
250 _a4th rev. ed.
260 _aMumbai
_bHimalaya Publishing House
_c2001
270 _bMumbai
_aDr. bakerao marg, Grgaon
_e400004
300 _a439p.
_c23cm(Hb)
500 _aIncludes index
650 _aEcology
_9155
650 _aEnvironmental science
_910584
942 _2ddc
_cEN
_h574.5
_mARO
999 _c127638
_d127638